000 00919nam0a22002771 4500
001 rc\464029
005 20260407130926.0
035 _a(NLR Aleph) 005708269
090 _a7350375
_c7350375
100 _a20030616d1987 |||y0rusy50 ca
101 0 _arus
_aarm
102 _aRU
105 _ay |||||||||
200 1 _aЗакон Союза Советских Социалистических Республик о статусе народных депутатов в СССР
210 _aЕреван
_cАйастан
_d1987
215 _a40, [3] с.
_d20
300 _aЗагл. также: арм.
300 _aТекст парал.: арм., рус.
742 1 _aСССР
_tЗаконы и постановления
_3RU\NLR\AUTH\889980004
_9456309
801 0 _aRU
_bNLR
_gpsbo
801 1 _aRU
_bELAR
_2rusmarc
852 _aNLR
_bОНЛ
852 _aNLR
_jОНЛ
942 _cBOOK
980 _aNB